| 000 | 00533nam a2200193Ia 4500 | ||
|---|---|---|---|
| 003 | BUBTL | ||
| 008 | 151213s9999 xx 000 0 und d | ||
| 020 | _a0-07-2875-50-x | ||
| 082 | _a658.3124 / NOE | ||
| 100 |
_aNoe, Raymond A. _91431 |
||
| 245 |
_aEmployee Training and Development / _cRaymond A. Noe |
||
| 250 | _a3rd edn. | ||
| 260 |
_aBoston _bMcGrawHill Irwin _c2005 |
||
| 300 |
_axv, 462 p. : _c21 cm. |
||
| 650 |
_aManagement _92508 |
||
| 856 |
_k0 _l0 _yDownload |
||
| 942 |
_2ddc _cBK |
||
| 999 |
_c4798 _d4798 |
||